| Tag |
First Indicator |
Second Indicator |
Subfields |
| LEADER |
00000cam a2200000Ia 4500 |
| 001 |
in00003426713 |
| 005 |
20151206091602.0 |
| 008 |
130123t20132013mau d 000 1 eng d |
| 020 |
|
|
|a 0763662585 (hardcover)
|
| 020 |
|
|
|a 9780763662585 (hardcover)
|
| 035 |
|
|
|a (OCoLC)ocn825046586
|
| 040 |
|
|
|a YDXCP
|c YDXCP
|d BWK
|d BDX
|d TXG
|d OSE
|d IEP
|d OCP
|d ZAC
|d OUN
|d UtOrBLW
|
| 049 |
|
|
|a TXAM
|
| 090 |
|
|
|a PZ7.N43843 Mor 2013
|
| 100 |
1 |
|
|a Ness, Patrick,
|d 1971-
|
| 245 |
1 |
0 |
|a More than this /
|c Patrick Ness.
|
| 250 |
|
|
|a 1st U.S. ed.
|
| 264 |
|
1 |
|a Somerville, Mass. :
|b Candlewick Press,
|c [2013]
|
| 264 |
|
4 |
|c ©2013
|
| 300 |
|
|
|a 472 pages ;
|c 23 cm.
|
| 336 |
|
|
|a text
|b txt
|2 rdacontent
|
| 337 |
|
|
|a unmediated
|b n
|2 rdamedia
|
| 338 |
|
|
|a volume
|b nc
|2 rdacarrier
|
| 520 |
|
|
|a A boy named Seth drowns, losing his life as the pounding sea claims him. But then he wakes. He is naked, thirsty, starving. But alive. How is that possible? He remembers dying. So how is he here? And where is this place? It looks like the suburban English town where he lived as a child, before an unthinkable tragedy happened and his family moved to America. But the neighborhood around his old house is overgrown, covered in dust, and completely abandoned. What's going on? And why is it that whenever he closes his eyes, he falls prey to vivid, agonizing memories that seem more real than the world around him? Seth begins a search for answers, hoping that he might not be alone, trapped in a crumbling, abandoned world.
|
| 650 |
|
0 |
|a Teenage boys
|v Juvenile fiction.
|
| 650 |
|
0 |
|a Survival
|v Juvenile fiction.
|
| 650 |
|
0 |
|a Families
|v Juvenile fiction.
|
| 650 |
|
0 |
|a Tragedy
|v Juvenile fiction.
|
| 651 |
|
0 |
|a England
|v Juvenile fiction.
|
| 655 |
|
0 |
|a Young adult fiction.
|
| 945 |
|
|
|a PromptCat
|b 616629
|
| 946 |
|
|
|a curr
|
| 947 |
|
|
|a A14840682857
|
| 948 |
|
|
|a cataloged
|b h
|c 2014/2/3
|d c
|e dmitchel
|f 11:10:20 am
|
| 994 |
|
|
|a 92
|b TXA
|
| 999 |
|
|
|a MARS
|
| 999 |
f |
f |
|s cfaad8d2-ba1a-3abd-a6ca-380cff4dd940
|i 0e48757d-1e04-32ab-9626-789494585983
|t 0
|
| 952 |
f |
f |
|p normal
|a Texas A&M University
|b College Station
|c Sterling C. Evans Library
|d Evans: Curriculum Collection (4th floor)
|t 0
|e PZ7.N43843 Mor 2013
|h Library of Congress classification
|i unmediated -- volume
|m A14840682857
|
| 998 |
f |
f |
|a PZ7.N43843 Mor 2013
|t 0
|l Evans: Curriculum Collection (4th floor)
|